000
00308 a2200157 4500
001
193161
020
_a
978-85-7160-354-7
040
_c
Magnum
100
_a
Nery, Eliene
240
1
0
_a
Novato
_l
por
245
1
0
_a
Novato
300
_a
16
362
0
_a
2009
697
_a
LITERATURA INFANTIL
942
_c
BK
999
_c
193161
_d
193161